• 首页
  • 本馆介绍
  • 公告通知
  • 最新文献
  • 馆藏检索
  • 电子资源
  • 读者导购
  • 参考咨询
  • 我的图书馆
  • 登录
  • 详细信息显示
  • 放入我的书架
  • 预约/预借图书
  • 作者相关作品
  • 分类相关作品
  • 丛书相关作品
  • 出版社相关作品

书目信息

  • 表格格式
  • 工作单格式
  • 卡片格式
题名:
怎样识读汽车电路图
    
 
作者: 陶荣伟 主编
分册:  
出版信息: 北京   中国电力出版社  2016.07
页数: 294页
开本: 26cm
丛书名:
单 册:
中图分类: U463.62
科图分类:
主题词: 汽车--电路图--识别
电子资源:
ISBN: 978-7-5123-8833-8
000 00959nam0 2200229 450
001 0400006629
005 20171104164353.0
010    @a978-7-5123-8833-8@dCNY48.00
100    @a20160923d2016 em y0chiy50 ea
101 0  @achi
102    @aCN@b110000
105    @aa z 000yy
106    @ar
200 1  @a怎样识读汽车电路图@Azen yang shi du qi che dian lu tu@e双色版@f陶荣伟主编
210    @a北京@c中国电力出版社@d2016.07
215    @a294页@c图@d26cm
330    @a《怎样识读汽车电路图》主要内容包括:汽车电路识图基础、汽车电路图识读基础、汽车照明与信号系统系统电路图的识读、汽车电源系统电路图的识读、汽车点火系统电路图的识读、起动系统电路图的识读、空调系统电路图的识读、仪表与警报系统电路图的识读、辅助电器系统电路图的识读、汽车电子控制系统电路图的识读、典型车系汽车电路图的识读等。
606 0  @a汽车@x电路图@x识别
690    @aU463.62@v5
701  0 @a陶荣伟@Atao rong wei@4主编
801  0 @aCN@b上海新华@c20171104
905    @b1035911-5@dU463.62@e668@f5
    
    怎样识读汽车电路图:双色版/陶荣伟主编.-北京:中国电力出版社,2016.07
    294页:图;26cm
    
    
    ISBN 978-7-5123-8833-8:CNY48.00
    《怎样识读汽车电路图》主要内容包括:汽车电路识图基础、汽车电路图识读基础、汽车照明与信号系统系统电路图的识读、汽车电源系统电路图的识读、汽车点火系统电路图的识读、起动系统电路图的识读、空调系统电路图的识读、仪表与警报系统电路图的识读、辅助电器系统电路图的识读、汽车电子控制系统电路图的识读、典型车系汽车电路图的识读等。
●
相关链接 在E读中查询图书 在五车中查询图书 在当当中查询图书 在豆瓣中查询图书


正题名:怎样识读汽车电路图     索取号:U463.62/668         预约/预借

序号 登录号 条形码 馆藏地/架位号 状态 备注
1 1035911   210359119   第二样本阅览室/ [索取号:U463.62/668] 在馆    
2 1035912   210359128   第三借阅区/ [索取号:U463.62/668] 在馆    
3 1035913   210359137   第三借阅区/ [索取号:U463.62/668] 在馆    
4 1035914   210359146   第三借阅区/ [索取号:U463.62/668] 在馆    
5 1035915   210359155   密集书库-物理学院/ [索取号:U463.62/668] 在馆    
唐山师范学院图书馆 欢迎您!
大连网信软件有限公司© 版权所有